000 01091nam a22003257a 4500
001 BR0203796
003 BR-BrBNA
005 20230928101129.0
007 ta
008 230509b bl.||||| |||| 00| 0 por d
040 _aBR-BrBNA
_bpor
_cBiblioteca Nacional de Agricultura
041 _a(Por)
072 _aP33; U10
090 _ P33 BR0203796
100 1 _aMelo Filho, J.F. de
110 1 _aEscola Superior de Agricultura Luiz de Queiroz, Piracicaba, SP (Brasil)
_0Tese (Doutor em Agronomia)
245 1 _aVariabilidade dos parâmetros da equação da condutividade hidráulica em função da umidade de um latossolo sob condições de campo
260 3 _aPiracicaba, SP (Brasil):
_c2002.
300 _a145 p.
500 _aSummaries (Eng, Por); Bibliography p. 119-140; 25 illus.; 20 tables
650 _aSOLO
650 _aCONDUTIVIDADE HIDRÁULICA
650 _aÁGUA DO SOLO
650 _aUMIDADE DO SOLO
650 _aLATOSSOLO VERMELHO AMARELO
650 _aTENSIÔMETRO
650 _aMODELO MATEMÁTICO
909 _a202309
_bLucia
_c55
_dLucia Elande
942 _cBK
999 _c64392
_d64392